Инструкция по применению классификации запасов к озерным месторождениям солей

Dades bibliogràfiques
Autor corporatiu: СССР Государственная комиссия по запасам полезных ископаемых (ГКЗ)
Altres autors: Быбочкин А. М. (редактор)
Idioma:rus
Publicat: Москва, Изд-во ГКЗ СССР, 1985
Matèries:
Format: MixedMaterials Llibre
KOHA link:https://koha.lib.tpu.ru/cgi-bin/koha/opac-detail.pl?biblionumber=276028

MARC

LEADER 00000nam0a2200000 4500
001 276028
005 20231101234900.0
020 |a RU  |b 85-100422 
035 |a (RuTPU)RU\TPU\book\299281 
090 |a 276028 
100 |a 20141118d1985 k y0rusy5003 ca 
101 0 |a rus 
102 |a RU 
105 |a y z 000zy 
200 1 |a Инструкция по применению классификации запасов к озерным месторождениям солей  |f СССР, Государственная комиссия по запасам полезных ископаемых (ГКЗ) ; под ред. А. М. Быбочкина 
210 |a Москва  |c Изд-во ГКЗ СССР  |d 1985 
215 |a 41 с. 
606 1 |a Соляные месторождения  |2 stltpush  |3 (RuTPU)RU\TPU\subj\55533  |9 73550 
610 1 |a подсчет 
610 1 |a классификация 
610 1 |a запасы 
610 1 |a инструкции 
610 1 |a применение 
675 |a 553.63  |z rus  |v 3 
702 1 |a Быбочкин  |b А. М.  |4 340 
712 0 1 |a СССР  |b Государственная комиссия по запасам полезных ископаемых (ГКЗ)  |c (Москва)  |c (1954-1991)  |2 stltpush  |3 (RuTPU)RU\TPU\col\20072 
801 0 |a RU  |b RuMRKP  |c 19950704  |g psbo 
801 1 |a RU  |b 63413507  |c 20141118 
801 2 |a RU  |b 63413507  |c 20170130  |g RCR 
942 |c BK